Irumbumara / (Record no. 452)
[ view plain ]
| 000 -LEADER | |
|---|---|
| fixed length control field | 00323cam a2200121ua 4500 |
| 082 ## - DEWEY DECIMAL CLASSIFICATION NUMBER | |
| Classification number | 894.8122 |
| Item number | VAR/IR |
| 100 ## - MAIN ENTRY--AUTHOR NAME | |
| Personal name | Varkey, Ponkunnam. |
| 245 ## - TITLE STATEMENT | |
| Title | Irumbumara / |
| 260 ## - PUBLICATION, DISTRIBUTION, ETC. (IMPRINT) | |
| Place of publication | Kottayam : |
| Name of publisher | Prabhatham Printing and Publishing Co. Pvt. Ltd. , |
| Year of publication | 1966. |
| 300 ## - PHYSICAL DESCRIPTION | |
| Number of Pages | 162. |
| 650 ## - SUBJECT ADDED ENTRY--TOPICAL TERM | |
| Topical Term | Drama - Malayalam |
| 942 ## - ADDED ENTRY ELEMENTS (KOHA) | |
| Koha item type | Books |
| Withdrawn status | Lost status | Damaged status | Home library | Current library | Date acquired | Full call number | Accession Number | Koha item type |
|---|---|---|---|---|---|---|---|---|
| Withdrawn | KAUAET | Kelappaji | 07/04/2012 | 894.8122 | 10288 | Books |
